[Event "Santo Antonio de Jesus Bahia op"]
[Site "Santo Antonio de Jesus"]
[Date "2022.07.09"]
[Round "4"]
[White "Cortes, Gabriel Novaes"]
[Black "Do Couto, Paulino Cesar Marti"]
[Result "1-0"]
[WhiteElo "1846"]
[BlackElo "1914"]
[PlyCount "63"]
[EventDate "2022.07.07"]
[EventType "swiss"]
[EventRounds "6"]
[EventCountry "BRA"]
[SourceTitle "CBM 209 Extra"]
[Source "ChessBase"]
[SourceDate "2022.09.30"]
[SourceVersion "1"]
[SourceVersionDate "2022.09.30"]
[SourceQuality "1"]

1. d4 d5 2. Nf3 Nf6 3. Bg5 e6 4. e3 Be7 5. c4 c6 6. Nc3 Nbd7 7. Rc1 0-0 8. a3 dxc4 9. Bxc4 Nd5 10. Bxe7 Qxe7 11. 0-0 Nxc3 12. Rxc3 e5 13. Qe2 e4 14. Nd2 Nf6 15. Rd1 Be6 16. h3 Nd5 17. Rcc1 f5 18. Ba2 Kh8 19. Nc4 Nf6 20. b4 Nd7 21. Na5 Bxa2 22. Qxa2 Nf6 23. Nb3 Qf7 24. Qc2 Nd5 25. Nd2 Rae8 26. Nc4 f4 27. Nd6 Qd7 28. Nxe8 fxe3 29. Rf1 Qxe8 30. fxe3 Rxf1+ 31. Rxf1 Nxe3 32. Qxe4 1-0

[Event "Santo Antonio de Jesus Bahia op"]
[Site "Santo Antonio de Jesus"]
[Date "2022.07.08"]
[Round "2"]
[White "Cortes, Gabriel Novaes"]
[Black "Cubas, Jose Fernando"]
[Result "0-1"]
[WhiteElo "1846"]
[BlackElo "2451"]
[PlyCount "48"]
[EventDate "2022.07.07"]
[EventType "swiss"]
[EventRounds "6"]
[EventCountry "BRA"]
[SourceTitle "CBM 209 Extra"]
[Source "ChessBase"]
[SourceDate "2022.09.30"]
[SourceVersion "1"]
[SourceVersionDate "2022.09.30"]
[SourceQuality "1"]

1. d4 Nf6 2. Nf3 g6 3. g3 Bg7 4. Bg2 0-0 5. 0-0 d6 6. c4 c5 7. Nc3 Nc6 8. e4 cxd4 9. Nxd4 Nxd4 10. Qxd4 Be6 11. Qd3 Rc8 12. b3 Nd7 13. Be3 Ne5 14. Qd2 Bxc4 15. Rfd1 Be6 16. Rac1 a6 17. Nd5 Bxd5 18. Qxd5 Qd7 19. h3 Rxc1 20. Rxc1 Rc8 21. Rxc8+ Qxc8 22. Qd2 b5 23. Bd4 Nc6 24. Be3 Qd7 0-1

[Event "Vitoria da Conquista"]
[Site "Vitoria da Conquista"]
[Date "2020.03.22"]
[Round "11"]
[White "Louro, Joao Vicente Alves"]
[Black "Cortes, Gabriel Novaes"]
[Result "0-1"]
[WhiteElo "1437"]
[BlackElo "1869"]
[PlyCount "68"]
[EventDate "2020.03.12"]
[EventType "tourn"]
[EventRounds "11"]
[EventCountry "BRA"]
[SourceTitle "CBM 197 Extra"]
[Source "ChessBase"]
[SourceDate "2020.09.30"]
[SourceVersion "1"]
[SourceVersionDate "2020.09.30"]
[SourceQuality "1"]

1. e4 c5 2. Nf3 d6 3. d4 cxd4 4. Nxd4 Nf6 5. Nc3 a6 6. Be3 e5 7. Nb3 Be6 8. Qd2 b5 9. f3 Be7 10. 0-0-0 0-0 11. h4 b4 12. Nd5 Bxd5 13. exd5 a5 14. Qf2 a4 15. Bb6 Qc8 16. Na5 Nfd7 17. Nc4 Na6 18. Be3 b3 19. a3 Qb7 20. Na5 Qc7 21. Nc6 Nf6 22. Bb6 Qb7 23. g4 Nxd5 24. Nxe7+ Nxe7 25. Rxd6 Nc8 26. Rd3 Qxb6 27. Qxb6 Nxb6 28. cxb3 Nc5 29. Re3 Nxb3+ 30. Kb1 Nd2+ 31. Kc2 Nxf1 32. Rxf1 Rac8+ 33. Rc3 f6 34. Rd1 Rfd8 0-1

[Event "Vitoria da Conquista"]
[Site "Vitoria da Conquista"]
[Date "2020.03.14"]
[Round "4"]
[White "Miranda, Julio Cesar Oliveir"]
[Black "Cortes, Gabriel Novaes"]
[Result "0-1"]
[WhiteElo "1169"]
[BlackElo "1869"]
[PlyCount "90"]
[EventDate "2020.03.12"]
[EventType "tourn"]
[EventRounds "11"]
[EventCountry "BRA"]
[SourceTitle "CBM 197 Extra"]
[Source "ChessBase"]
[SourceDate "2020.09.30"]
[SourceVersion "1"]
[SourceVersionDate "2020.09.30"]
[SourceQuality "1"]

1. e4 c5 2. Nf3 d6 3. d4 cxd4 4. Nxd4 Nf6 5. Nc3 a6 6. Be3 Ng4 7. Bg5 h6 8. Bh4 g5 9. Bg3 Bg7 10. h3 Ne5 11. f4 gxf4 12. Bxf4 Ng6 13. Be3 Nc6 14. Nxc6 bxc6 15. Bc4 e6 16. Qd2 d5 17. 0-0-0 Qa5 18. Bb3 Bxc3 19. Qxc3 Qxc3 20. bxc3 dxe4 21. Ba4 Bb7 22. Rd6 Rc8 23. Rhd1 Nh4 24. Bb6 0-0 25. Be3 Nf5 26. Rd7 Nxe3 27. Re1 Nd5 28. Rxb7 Nxc3 29. Bb3 Rfd8 30. Rb6 a5 31. Ra6 a4 32. Bxa4 Nxa4 33. Rxa4 f5 34. g4 Kf7 35. gxf5 exf5 36. Ra7+ Kf6 37. Rh7 Kg6 38. Re7 Rd6 39. Rg1+ Kf6 40. Rh7 Ke5 41. Rgg7 f4 42. Re7+ Kd5 43. Rd7 f3 44. Rxd6+ Kxd6 45. Rxh6+ Ke5 0-1

[Event "Vitoria da Conquista"]
[Site "Vitoria da Conquista"]
[Date "2020.03.13"]
[Round "2"]
[White "Figueredo, Bianca Marchini"]
[Black "Cortes, Gabriel Novaes"]
[Result "1/2-1/2"]
[WhiteElo "1163"]
[BlackElo "1869"]
[PlyCount "28"]
[EventDate "2020.03.12"]
[EventType "tourn"]
[EventRounds "11"]
[EventCountry "BRA"]
[SourceTitle "CBM 197 Extra"]
[Source "ChessBase"]
[SourceDate "2020.09.30"]
[SourceVersion "1"]
[SourceVersionDate "2020.09.30"]
[SourceQuality "1"]

1. e4 c6 2. d4 d5 3. Nc3 dxe4 4. Nxe4 Bf5 5. Ng3 Bg6 6. Nf3 Nf6 7. Bc4 e6 8. 0-0 Bd6 9. Bg5 Nbd7 10. c3 h6 11. Bxf6 Nxf6 12. Ne5 Bxe5 13. dxe5 Nd5 14. Bxd5 cxd5 1/2-1/2

[Event "Vitoria Bernard Memorial 4th"]
[Site "Vitoria"]
[Date "2015.04.19"]
[Round "14"]
[White "Lenares, Braulio Cardoso"]
[Black "Cortes, Gabriel Novaes"]
[Result "1-0"]
[WhiteElo "1821"]
[BlackElo "1801"]
[PlyCount "49"]
[EventDate "2015.03.26"]
[EventType "tourn"]
[EventRounds "14"]
[EventCountry "BRA"]
[SourceTitle "EXT 2016"]
[Source "ChessBase"]
[SourceDate "2015.10.08"]
[SourceVersion "1"]
[SourceVersionDate "2015.10.08"]
[SourceQuality "1"]

1. e4 c5 2. Nf3 Nc6 3. d4 cxd4 4. Nxd4 e5 5. Nb3 Nf6 6. Nc3 Bb4 7. Qd3 0-0 8. Bd2 d6 9. Be2 Be6 10. a3 Bxb3 11. cxb3 Ba5 12. 0-0 Rc8 13. b4 Bb6 14. Qg3 Re8 15. Bh6 g6 16. Bg5 Nd4 17. Qh4 Rxc3 18. Bxf6 Nxe2+ 19. Kh1 Qxf6 20. Qxf6 Rc2 21. h4 Rxb2 22. h5 Nf4 23. h6 Nh5 24. Qh4 f6 25. g4 1-0

[Event "Vitoria Bernard Memorial 4th"]
[Site "Vitoria"]
[Date "2015.04.17"]
[Round "11"]
[White "Cortes, Gabriel Novaes"]
[Black "Freitas, Remulo Aguiar"]
[Result "1/2-1/2"]
[WhiteElo "1801"]
[BlackElo "1955"]
[PlyCount "109"]
[EventDate "2015.03.26"]
[EventType "tourn"]
[EventRounds "14"]
[EventCountry "BRA"]
[SourceTitle "EXT 2016"]
[Source "ChessBase"]
[SourceDate "2015.10.08"]
[SourceVersion "1"]
[SourceVersionDate "2015.10.08"]
[SourceQuality "1"]

1. e4 e5 2. Nf3 Nc6 3. Bb5 Nge7 4. 0-0 g6 5. Nc3 Bg7 6. d3 0-0 7. Be3 Nd4 8. Bc4 c6 9. Bxd4 exd4 10. Ne2 Qb6 11. c3 d5 12. exd5 cxd5 13. Bb3 Bg4 14. Nf4 dxc3 15. bxc3 Qd6 16. Ne2 Bxf3 17. gxf3 Nf5 18. d4 Rac8 19. Rc1 b5 20. Qd3 a6 21. Ng3 Nh4 22. Bd1 Rc6 23. Qe3 f5 24. f4 Bh6 25. Ne2 Kf7 26. Qg3 Qf6 27. Bb3 Rd6 28. Kh1 Re8 29. Ng1 g5 30. fxg5 Bxg5 31. f4 Bh6 32. Nf3 Nxf3 33. Rxf3 Qe6 34. Bc2 Rg8 35. Qe1 Qd7 36. Qe5 Re8 37. Qxf5+ Qxf5 38. Bxf5 Rf6 39. Bxh7 Re2 40. Rc2 Rxc2 41. Bxc2 Rxf4 42. Rxf4+ Bxf4 43. a4 bxa4 44. Bxa4 Bd2 45. Bb3 Bxc3 46. Bxd5+ Kf6 47. Bc4 a5 48. d5 a4 49. Kg2 a3 50. Kf3 Ke5 51. Ke3 Bb4 52. h4 Kf5 53. Kd4 Kg4 54. Ke5 a2 55. Bxa2 1/2-1/2

[Event "Vitoria Bernard Memorial 4th"]
[Site "Vitoria"]
[Date "2015.03.30"]
[Round "7"]
[White "Cortes, Gabriel Novaes"]
[Black "Lenares, Braulio Cardoso"]
[Result "0-1"]
[WhiteElo "1801"]
[BlackElo "1821"]
[PlyCount "72"]
[EventDate "2015.03.26"]
[EventType "tourn"]
[EventRounds "14"]
[EventCountry "BRA"]
[SourceTitle "EXT 2016"]
[Source "ChessBase"]
[SourceDate "2015.10.08"]
[SourceVersion "1"]
[SourceVersionDate "2015.10.08"]
[SourceQuality "1"]

1. e4 Nf6 2. Nc3 e5 3. Nf3 Nc6 4. Bb5 Bc5 5. 0-0 d6 6. d4 exd4 7. Nxd4 Bd7 8. Nxc6 Bxc6 9. Bxc6+ bxc6 10. Re1 0-0 11. Be3 Bxe3 12. Rxe3 Re8 13. Qe2 Rb8 14. b3 Nd7 15. Na4 Nb6 16. Nxb6 cxb6 17. Rd1 Qf6 18. Qc4 Rbc8 19. Rf3 Qe6 20. Qxe6 Rxe6 21. Rfd3 Rd8 22. f3 Kf8 23. c4 Ke7 24. b4 Rb8 25. Kf2 a5 26. bxa5 bxa5 27. Rb3 Rb4 28. Rxb4 axb4 29. Ke3 Re5 30. Rd2 Ra5 31. Kd4 Ke6 32. Rc2 c5+ 33. Ke3 g5 34. Ke2 Ra3 35. g3 Ke5 36. h3 Kd4 0-1

[Event "Vitoria Bernard Memorial 4th"]
[Site "Vitoria"]
[Date "2015.03.29"]
[Round "5"]
[White "Cortes, Gabriel Novaes"]
[Black "Freitas, Romulo Aguiar"]
[Result "0-1"]
[WhiteElo "1801"]
[BlackElo "2108"]
[PlyCount "62"]
[EventDate "2015.03.26"]
[EventType "tourn"]
[EventRounds "14"]
[EventCountry "BRA"]
[SourceTitle "EXT 2016"]
[Source "ChessBase"]
[SourceDate "2015.10.08"]
[SourceVersion "1"]
[SourceVersionDate "2015.10.08"]
[SourceQuality "1"]

1. e4 d6 2. Nf3 Nf6 3. Nc3 g6 4. d4 Bg7 5. Bc4 0-0 6. 0-0 c6 7. Bg5 b5 8. Bb3 h6 9. Bf4 b4 10. e5 Nh5 11. Ne2 Ba6 12. Be3 dxe5 13. Re1 exd4 14. Bxd4 Bxd4 15. Qxd4 Qxd4 16. Nexd4 e6 17. a3 c5 18. Ne2 c4 19. Ba4 c3 20. bxc3 Bxe2 21. Rxe2 bxc3 22. Rd1 Na6 23. Re3 Rfd8 24. Rxd8+ Rxd8 25. Rd3 Rxd3 26. cxd3 Nf4 27. Bc2 Nc5 28. Ne1 Ne2+ 29. Kf1 Nd4 30. Bb1 Ncb3 31. Bc2 Na1 0-1